Normal view
MARC view
- ISRAELI SECRET SERVICE-MOSAD
Entry Topical Term
001 - CONTROL NUMBER
- control field: 66375
003 - CONTROL NUMBER IDENTIFIER
- control field: NUST
005 - DATE AND TIME OF LATEST TRANSACTION
- control field: 20210628203559.0
008 - FIXED-LENGTH DATA ELEMENTS
- fixed length control field: 210628|| aca||aabn | a|a d
040 ## - CATALOGING SOURCE
- Original cataloging agency: NUST
- Transcribing agency: NUST
150 ## - HEADING--TOPICAL TERM
- Topical term or geographic name entry element: ISRAELI SECRET SERVICE-MOSAD
670 ## - SOURCE DATA FOUND
- Source citation: Work cat.: (NUST): Ronald Pian, Muhammad Yahya Khan 66374, Mosad, 2003
